000 00583nam a22002177a 4500
003 OSt
005 20220107122744.0
008 130813b xxu||||| |||| 00| 0 eng d
020 _a9788126512904
040 _cIIITM-K
082 _a006.74 BAT/W
100 _aBates, Chris
_91448
245 _aWeb programming:
_cby Chris Bates
_bBuilding internet applications
250 _a3rd ed.
260 _aNew Delhi,
_bWiley,
_c2006.
300 _axxi, 654p.
650 _aCOMPUTER SCIENCE
_91449
650 _aWEB DEVELOPMENT
_91450
650 _aWEB PROGRAMMING
_91451
942 _2ddc
_cBK
999 _c4074
_d4074